[Event "Gatineau Fischer mem."]
[Site "Gatineau CAN"]
[Date "2009.02.17"]
[Round "5"]
[White "Huard, Martin"]
[Black "Jani, Louis"]
[Result "0-1"]
[WhiteElo "1302"]
[BlackElo "1398"]
[PlyCount "142"]
[GameId "2160767910273275"]
[EventDate "2009.01.20"]
[EventType "swiss"]
[EventRounds "6"]
[EventCountry "CAN"]
[SourceTitle "EXT 2011"]
[Source "ChessBase"]
[SourceDate "2011.11.26"]
[SourceVersion "1"]
[SourceVersionDate "2011.11.26"]
[SourceQuality "1"]

1. e4 c5 2. Bc4 Nc6 3. Qf3 e6 4. Ne2 Nf6 5. d3 Be7 6. Bf4 d6 7. a3 O-O 8. O-O a6 9. c3 Re8 10. Nd2 d5 11. Bb3 d4 12. Rad1 e5 13. Bh6 gxh6 14. Qg3+ Kf8 15. Nc4 Be6 16. f4 b5 17. Nd2 Bxb3 18. Nxb3 Bd6 19. f5 Nh5 20. Qf3 Qg5 21. Kh1 Rad8 22. Rf2 Qe3 23. Qxe3 dxe3 24. Rf3 Nf4 25. Rxe3 Nxe2 26. Rxe2 f6 27. Re3 Kf7 28. Rh3 Bf8 29. g3 Rd7 30. g4 Red8 31. Kg2 Kg7 32. Kf2 Kf7 33. Ke2 Kg8 34. Rd2 Rg7 35. Kf3 Rgd7 36. Ke2 c4 37. Nc1 Kg7 38. Rg3 Rd6 39. h4 Be7 40. h5 Nb8 41. Na2 a5 42. Nc1 Na6 43. Rf3 R8d7 44. Rg3 Kf8 45. Kd1 Ke8 46. Kc2 Kd8 47. Kb1 Nc5 48. Kc2 Nxe4 49. dxe4 Rxd2+ 50. Kb1 Rd1 51. Rg2 R7d2 52. Rxd2+ Rxd2 53. Na2 Rg2 54. Nc1 Rxg4 55. Ne2 Rxe4 56. Ng3 Rg4 57. Ne2 Bc5 58. Kc2 Rg5 59. Nc1 Rxf5 60. b4 axb4 61. axb4 Be3 62. Ne2 Rxh5 63. Ng3 Rh2+ 64. Kd1 Rd2+ 65. Ke1 Bg5 66. Ne4 Ra2 67. Kf1 f5 68. Ng3 f4 69. Ne4 f3 70. Kg1 Be3+ 71. Kf1 Ra1# 0-1

[Event "Gatineau Fischer mem."]
[Site "Gatineau CAN"]
[Date "2009.02.17"]
[Round "5"]
[White "Lacourse, Guy"]
[Black "Scantland, Patrick"]
[Result "0-1"]
[WhiteElo "1576"]
[BlackElo "1715"]
[PlyCount "52"]
[GameId "2160767910273276"]
[EventDate "2009.01.20"]
[EventType "swiss"]
[EventRounds "6"]
[EventCountry "CAN"]
[SourceTitle "EXT 2011"]
[Source "ChessBase"]
[SourceDate "2011.11.26"]
[SourceVersion "1"]
[SourceVersionDate "2011.11.26"]
[SourceQuality "1"]

1. d4 Nf6 2. Nf3 g6 3. c4 Bg7 4. Nc3 O-O 5. e4 d6 6. Bg5 Nbd7 7. Be2 h6 8. Bf4 c6 9. Qd2 Kh7 10. h4 Nh5 11. Be3 e5 12. g4 exd4 13. gxh5 dxe3 14. hxg6+ fxg6 15. Qxe3 Ne5 16. Nd2 Bg4 17. f3 Bh5 18. O-O-O Qf6 19. Rdf1 Qf4 20. Qxf4 Rxf4 21. Rh3 Raf8 22. Rfh1 Bxf3 23. Nxf3 Nxf3 24. h5 g5 25. Rd1 Nd4 26. Bd3 Be5 0-1

[Event "Gatineau Fischer mem."]
[Site "Gatineau CAN"]
[Date "2009.02.17"]
[Round "5"]
[White "Lavergne, Daniel"]
[Black "Sabourin, Yves"]
[Result "1-0"]
[WhiteElo "1624"]
[BlackElo "1395"]
[PlyCount "33"]
[GameId "2160767910273277"]
[EventDate "2009.01.20"]
[EventType "swiss"]
[EventRounds "6"]
[EventCountry "CAN"]
[SourceTitle "EXT 2011"]
[Source "ChessBase"]
[SourceDate "2011.11.26"]
[SourceVersion "1"]
[SourceVersionDate "2011.11.26"]
[SourceQuality "1"]

1. e4 e6 2. d4 d5 3. Nc3 Nf6 4. Bg5 Be7 5. e5 Nfd7 6. h4 Bxg5 7. hxg5 Qxg5 8. Nh3 Qd8 9. Qg4 g6 10. Ng5 h6 11. Bd3 Nc6 12. Nxf7 Kxf7 13. Qxg6+ Ke7 14. Qg7+ Ke8 15. Qxh8+ Ke7 16. Qg7+ Ke8 17. Bg6# 1-0

[Event "Gatineau Fischer mem."]
[Site "Gatineau CAN"]
[Date "2009.02.17"]
[Round "5"]
[White "Rainey, Ivan"]
[Black "MacIsaac, Alexandre"]
[Result "0-1"]
[WhiteElo "1456"]
[BlackElo "1452"]
[PlyCount "42"]
[GameId "2160767910273278"]
[EventDate "2009.01.20"]
[EventType "swiss"]
[EventRounds "6"]
[EventCountry "CAN"]
[SourceTitle "EXT 2011"]
[Source "ChessBase"]
[SourceDate "2011.11.26"]
[SourceVersion "1"]
[SourceVersionDate "2011.11.26"]
[SourceQuality "1"]

1. d4 d5 2. c4 c6 3. Nc3 Nf6 4. Bg5 h6 5. Bxf6 gxf6 6. e3 Rg8 7. g3 Bg4 8. Qd2 Qa5 9. cxd5 cxd5 10. Bg2 e6 11. e4 dxe4 12. Bxe4 Nc6 13. d5 Rd8 14. Qf4 exd5 15. Bg2 d4 16. Bxc6+ bxc6 17. Kf1 dxc3 18. Re1+ Be6 19. Qxf6 Qb5+ 20. Kg2 Bg7 21. Qf5 Qxf5 0-1

[Event "Gatineau Fischer mem."]
[Site "Gatineau CAN"]
[Date "2009.02.24"]
[Round "6"]
[White "Arsenault, Michel"]
[Black "Danilov, Alex"]
[Result "0-1"]
[WhiteElo "1974"]
[BlackElo "1850"]
[PlyCount "116"]
[GameId "2160767910273280"]
[EventDate "2009.01.20"]
[EventType "swiss"]
[EventRounds "6"]
[EventCountry "CAN"]
[SourceTitle "EXT 2011"]
[Source "ChessBase"]
[SourceDate "2011.11.26"]
[SourceVersion "1"]
[SourceVersionDate "2011.11.26"]
[SourceQuality "1"]

1. c4 Nf6 2. g3 c5 3. Bg2 Nc6 4. Nc3 e5 5. e4 g6 6. Nge2 Bg7 7. O-O O-O 8. d3 Ne8 9. Be3 Nd4 10. Qd2 d6 11. Nd5 Nxe2+ 12. Qxe2 Nc7 13. f4 Nxd5 14. cxd5 exf4 15. gxf4 Qb6 16. Rab1 Bd7 17. b4 Qa6 18. bxc5 dxc5 19. Bxc5 Rfc8 20. Bb4 Ba4 21. Bh3 Rc2 22. Qe3 Bb5 23. a3 Bxd3 24. Rf3 Be2 25. Rf2 Qc4 26. e5 Bf8 27. Bxf8 Rxf8 28. Re1 Bd3 29. Rxc2 Bxc2 30. e6 fxe6 31. Bxe6+ Kg7 32. d6 Qxf4 33. Qxf4 Rxf4 34. Bc8 Rd4 35. Re7+ Kf6 36. Rxb7 Rxd6 37. Rxa7 Rd1+ 38. Kf2 h5 39. a4 Kg5 40. a5 Rd2+ 41. Kg1 Kf4 42. Rf7+ Bf5 43. Bb7 Rd1+ 44. Kf2 Rd2+ 45. Kg1 h4 46. Re7 h3 47. Kf1 Bd3+ 48. Ke1 Ra2 49. Rf7+ Ke3 50. Re7+ Kd4 51. Rd7+ Kc3 52. Rd5 Re2+ 53. Kd1 Rxh2 54. Rc5+ Kd4 55. Rc8 Ra2 56. Rh8 h2 57. Rh4+ Kc3 58. a6 Ra1# 0-1

[Event "Gatineau Fischer mem."]
[Site "Gatineau CAN"]
[Date "2009.02.24"]
[Round "6"]
[White "Duret, Serge"]
[Black "Rainey, Ivan"]
[Result "1-0"]
[WhiteElo "990"]
[BlackElo "1456"]
[PlyCount "47"]
[GameId "2160767910273281"]
[EventDate "2009.01.20"]
[EventType "swiss"]
[EventRounds "6"]
[EventCountry "CAN"]
[SourceTitle "EXT 2011"]
[Source "ChessBase"]
[SourceDate "2011.11.26"]
[SourceVersion "1"]
[SourceVersionDate "2011.11.26"]
[SourceQuality "1"]

1. e4 c6 2. d4 d5 3. e5 Bf5 4. Bd3 Bxd3 5. Qxd3 e6 6. Nf3 a6 7. O-O c5 8. c3 Nc6 9. Ng5 h5 10. Qf3 Qc7 11. Be3 cxd4 12. cxd4 Nh6 13. Nc3 O-O-O 14. Rfc1 Nf5 15. Rd1 Re8 16. Rac1 f6 17. Nxe6 Rxe6 18. Qxf5 Qf7 19. Nxd5 g6 20. Qf3 f5 21. Nb4 Bxb4 22. d5 Rxe5 23. Bd4 Kd8 24. dxc6 1-0

[Event "Gatineau Fischer mem."]
[Site "Gatineau CAN"]
[Date "2009.02.24"]
[Round "6"]
[White "Gagnon, Fabien"]
[Black "Cossette, Daniel"]
[Result "1-0"]
[WhiteElo "1900"]
[BlackElo "2063"]
[PlyCount "87"]
[GameId "2160767910273282"]
[EventDate "2009.01.20"]
[EventType "swiss"]
[EventRounds "6"]
[EventCountry "CAN"]
[SourceTitle "EXT 2011"]
[Source "ChessBase"]
[SourceDate "2011.11.26"]
[SourceVersion "1"]
[SourceVersionDate "2011.11.26"]
[SourceQuality "1"]

1. e4 c5 2. Nf3 Nc6 3. d4 cxd4 4. Nxd4 Nf6 5. Nc3 g6 6. Be3 Bg7 7. Bc4 O-O 8. Bb3 a5 9. O-O a4 10. Nxa4 Nxe4 11. Nb5 Ra6 12. c4 d6 13. Re1 Nf6 14. Qe2 Be6 15. Rad1 Qb8 16. h3 Na5 17. Nb6 Nxb3 18. axb3 Nd7 19. Nd5 Bxd5 20. Rxd5 Nf6 21. Rd3 Rd8 22. Red1 Rd7 23. Nc3 Qd8 24. g4 e6 25. b4 Rc6 26. b3 Ne8 27. b5 Rc8 28. Na4 Re7 29. Bc5 Rd7 30. Be3 Rb8 31. Bb6 Qg5 32. Nc5 Re7 33. Ne4 Qf4 34. Rf3 Qe5 35. Bd4 Qxd4 36. Rxd4 Bxd4 37. Qd2 e5 38. Qh6 f6 39. h4 Rf7 40. h5 gxh5 41. Qxh5 Ng7 42. Qh6 Ne6 43. Rxf6 Rbf8 44. Rxf7 1-0

[Event "Gatineau Fischer mem."]
[Site "Gatineau CAN"]
[Date "2009.02.24"]
[Round "6"]
[White "Jani, Louis"]
[Black "Lacourse, Guy"]
[Result "0-1"]
[WhiteElo "1398"]
[BlackElo "1576"]
[PlyCount "86"]
[GameId "2160767910273283"]
[EventDate "2009.01.20"]
[EventType "swiss"]
[EventRounds "6"]
[EventCountry "CAN"]
[SourceTitle "EXT 2011"]
[Source "ChessBase"]
[SourceDate "2011.11.26"]
[SourceVersion "1"]
[SourceVersionDate "2011.11.26"]
[SourceQuality "1"]

1. f4 c5 2. Nf3 Nf6 3. e3 d6 4. Be2 Nc6 5. O-O b6 6. b3 Bb7 7. Bb2 e6 8. Nc3 Be7 9. d3 O-O 10. Kh1 Nb4 11. a3 Nbd5 12. Nxd5 Nxd5 13. Qd2 Bf6 14. c3 g6 15. e4 Nc7 16. e5 Bg7 17. c4 d5 18. Rad1 Qe7 19. d4 Rfd8 20. Qe3 cxd4 21. Nxd4 dxc4 22. bxc4 Qc5 23. Qc3 Bf8 24. Bf3 Bxf3 25. Rxf3 Ne8 26. h3 Rac8 27. Rc1 a6 28. Rg3 Bg7 29. Kh2 Rc7 30. Rd3 Rcd7 31. Qd2 Bh6 32. g3 Bf8 33. h4 Qc7 34. Qf2 Bc5 35. Rcd1 Qc8 36. g4 Ng7 37. Qf3 h5 38. gxh5 Nxh5 39. f5 exf5 40. Nxf5 Rxd3 41. Rxd3 Rxd3 42. Ne7+ Bxe7 43. Qxd3 Qg4 0-1

[Event "Gatineau Fischer mem."]
[Site "Gatineau CAN"]
[Date "2009.02.24"]
[Round "6"]
[White "Labelle, Raymond"]
[Black "Pilon, Robert"]
[Result "0-1"]
[WhiteElo "1353"]
[BlackElo "1444"]
[PlyCount "68"]
[GameId "2160767910273284"]
[EventDate "2009.01.20"]
[EventType "swiss"]
[EventRounds "6"]
[EventCountry "CAN"]
[SourceTitle "EXT 2011"]
[Source "ChessBase"]
[SourceDate "2011.11.26"]
[SourceVersion "1"]
[SourceVersionDate "2011.11.26"]
[SourceQuality "1"]

1. e4 e5 2. Nf3 Nc6 3. Bc4 Nf6 4. Nc3 Bc5 5. b3 a6 6. O-O O-O 7. Be2 d6 8. d3 h6 9. Qd2 Bg4 10. Nd1 Bxf3 11. Bxf3 Nd4 12. Be2 Qd7 13. c3 Nxe2+ 14. Qxe2 Rae8 15. Be3 Qb5 16. c4 Qc6 17. Bxc5 Qxc5 18. Ne3 g6 19. f4 exf4 20. Rxf4 Nh5 21. Rf2 Re5 22. Ng4 Rg5 23. Nxh6+ Kg7 24. Ng4 f5 25. h4 Rxg4 26. Qb2+ Kh7 27. d4 Qc6 28. d5 Qc5 29. b4 Qe3 30. Rc1 Nf4 31. Rc3 Qe1+ 32. Kh2 Rxh4+ 33. Kg3 Rg4+ 34. Kf3 Qxe4# 0-1

[Event "Gatineau Fischer mem."]
[Site "Gatineau CAN"]
[Date "2009.02.24"]
[Round "6"]
[White "MacIsaac, Alexandre"]
[Black "Thibault, David"]
[Result "0-1"]
[WhiteElo "1452"]
[BlackElo "1665"]
[PlyCount "62"]
[GameId "2160767910273285"]
[EventDate "2009.01.20"]
[EventType "swiss"]
[EventRounds "6"]
[EventCountry "CAN"]
[SourceTitle "EXT 2011"]
[Source "ChessBase"]
[SourceDate "2011.11.26"]
[SourceVersion "1"]
[SourceVersionDate "2011.11.26"]
[SourceQuality "1"]

1. e4 e5 2. Nf3 Nc6 3. Bc4 h6 4. c3 Nf6 5. d4 exd4 6. e5 Nh7 7. cxd4 Bb4+ 8. Nc3 d6 9. O-O O-O 10. Qc2 dxe5 11. Bd3 Nf6 12. dxe5 Nd7 13. Rd1 Bxc3 14. Qxc3 Qe7 15. Bf4 Nb6 16. Rac1 Rd8 17. Be4 Rxd1+ 18. Rxd1 Nd8 19. Qd2 Bg4 20. Bxh6 Bxf3 21. gxf3 Ne6 22. Be3 c6 23. Bxb6 axb6 24. Qd7 Qg5+ 25. Kf1 Rd8 26. Qxd8+ Nxd8 27. f4 Qe7 28. f5 c5 29. f6 gxf6 30. Bf5 Nc6 31. exf6 Qxf6 0-1

[Event "Gatineau Fischer mem."]
[Site "Gatineau CAN"]
[Date "2009.02.24"]
[Round "6"]
[White "Menard, Marc"]
[Black "Brousseau, Yvan"]
[Result "0-1"]
[WhiteElo "1529"]
[BlackElo "2050"]
[PlyCount "88"]
[GameId "2160767910273286"]
[EventDate "2009.01.20"]
[EventType "swiss"]
[EventRounds "6"]
[EventCountry "CAN"]
[SourceTitle "EXT 2011"]
[Source "ChessBase"]
[SourceDate "2011.11.26"]
[SourceVersion "1"]
[SourceVersionDate "2011.11.26"]
[SourceQuality "1"]

1. e4 d5 2. exd5 Qxd5 3. Nc3 Qa5 4. d4 Bf5 5. g4 Bg6 6. Bg2 c6 7. Nf3 Nd7 8. O-O e6 9. a3 Ngf6 10. b4 Bxb4 11. Ne2 Bd6 12. g5 Nh5 13. Re1 Qa4 14. Nc3 Qxc2 15. Qxc2 Bxc2 16. Ne5 g6 17. Ne4 Bxe4 18. Rxe4 Ng7 19. Bb2 Nxe5 20. dxe5 Be7 21. f4 O-O-O 22. Kf1 h6 23. gxh6 Rxh6 24. Kg1 Rd2 25. Bc3 Rd3 26. Bb4 c5 27. Be1 Nf5 28. Bf2 Rh8 29. Rc1 b6 30. Ra4 a5 31. Rb1 Kc7 32. Rc4 Rxa3 33. Rd1 Rd8 34. Rcc1 Rad3 35. Rxd3 Rxd3 36. Kf1 g5 37. Ke2 Rb3 38. fxg5 Bxg5 39. Rc2 a4 40. Ra2 a3 41. Kd1 Bf4 42. Kc2 c4 43. h4 Bxe5 44. Bf1 Rf3 0-1

[Event "Gatineau Fischer mem."]
[Site "Gatineau CAN"]
[Date "2009.02.24"]
[Round "6"]
[White "Sabourin, Yves"]
[Black "Levesque, Andre"]
[Result "1/2-1/2"]
[WhiteElo "1395"]
[BlackElo "1257"]
[PlyCount "115"]
[GameId "2160767910273287"]
[EventDate "2009.01.20"]
[EventType "swiss"]
[EventRounds "6"]
[EventCountry "CAN"]
[SourceTitle "EXT 2011"]
[Source "ChessBase"]
[SourceDate "2011.11.26"]
[SourceVersion "1"]
[SourceVersionDate "2011.11.26"]
[SourceQuality "1"]

1. d4 f5 2. c4 e6 3. Nc3 Nf6 4. Bg5 Be7 5. e3 O-O 6. Nf3 d6 7. Bd3 Nc6 8. a3 Qe8 9. O-O Bd8 10. Qc2 h6 11. Bxf6 Rxf6 12. Rfe1 Qf7 13. d5 Ne7 14. dxe6 Bxe6 15. Nd4 Bxc4 16. Bxc4 Qxc4 17. Qb3 Qxb3 18. Nxb3 c6 19. Rad1 Bc7 20. e4 Kf7 21. Nd4 a6 22. Nf3 Ng6 23. e5 Re6 24. exd6 Bxd6 25. Rxe6 Kxe6 26. Nd4+ Kf6 27. Nxf5 Bxh2+ 28. Kxh2 Kxf5 29. Rd7 b5 30. Rxg7 Rd8 31. g4+ Kf6 32. Rc7 Ne7 33. Ne4+ Ke5 34. Rxe7+ Kf4 35. Nc3 Kxg4 36. Re6 Rd2 37. Re2 Rd3 38. Re6 Rd2 39. Rxh6 Rxf2+ 40. Kg1 Rxb2 41. Rxc6 Rb3 42. Rxa6 Rxc3 43. Kf2 Kf5 44. Ke2 Ke5 45. Kd2 Rc4 46. Ra5 Rd4+ 47. Kc3 Rc4+ 48. Kb3 Rc5 49. Kb4 Kd6 50. a4 Rc4+ 51. Kxb5 Rc5+ 52. Kb6 Rxa5 53. Kxa5 Kc7 54. Kb5 Kb7 55. a5 Ka7 56. a6 Kb8 57. Kc6 Ka7 58. Kb5 1/2-1/2

[Event "Gatineau Fischer mem."]
[Site "Gatineau CAN"]
[Date "2009.02.24"]
[Round "6"]
[White "Scantland, Patrick"]
[Black "Lavergne, Daniel"]
[Result "1-0"]
[WhiteElo "1715"]
[BlackElo "1624"]
[PlyCount "173"]
[GameId "2160767910273288"]
[EventDate "2009.01.20"]
[EventType "swiss"]
[EventRounds "6"]
[EventCountry "CAN"]
[SourceTitle "EXT 2011"]
[Source "ChessBase"]
[SourceDate "2011.11.26"]
[SourceVersion "1"]
[SourceVersionDate "2011.11.26"]
[SourceQuality "1"]

1. d4 f5 2. g3 Nf6 3. Bg2 e6 4. c4 Be7 5. Nc3 d5 6. Nf3 c6 7. b3 Bb4 8. Bb2 Ne4 9. Qc2 Qa5 10. Rc1 Qxa2 11. O-O Bxc3 12. Bxc3 Qxc2 13. Rxc2 Nxc3 14. Rxc3 O-O 15. c5 Bd7 16. Ra1 Be8 17. Ne5 Na6 18. Ra4 g5 19. Bf1 Nc7 20. e3 Kg7 21. f4 gxf4 22. exf4 Kf6 23. Kf2 Ke7 24. Be2 h5 25. h4 Nb5 26. Bxb5 cxb5 27. Ra5 b4 28. Re3 Rg8 29. Nd3 a6 30. Nxb4 Kf6 31. Nd3 Bb5 32. Ne5 Rac8 33. b4 b6 34. Ra1 a5 35. Rb3 a4 36. Rc3 Rg7 37. Raa3 bxc5 38. bxc5 Be8 39. Ke2 Rb7 40. Kd2 Rb1 41. Rc1 Rb2+ 42. Rc2 Rb4 43. Kc3 Rcb8 44. Kd3 Bb5+ 45. Ke3 Rg8 46. Rg2 Rb3+ 47. Rxb3 axb3 48. Kd2 Bc4 49. Kc3 Ra8 50. Rb2 Ra1 51. Nxc4 Rc1+ 52. Kd2 Rxc4 53. Kd3 Rc1 54. Rxb3 Rg1 55. Ke2 Rg2+ 56. Kf3 Rc2 57. Rd3 Ke7 58. Ke3 Rg2 59. Kf3 Rc2 60. Rd1 Rc3+ 61. Kg2 Rc2+ 62. Kf1 Rc3 63. Kf2 Rc2+ 64. Ke3 Rg2 65. Kf3 Rc2 66. Rd3 Rc4 67. Ke2 Kd7 68. Kd2 Kc6 69. Kd1 Ra4 70. Kc2 Rc4+ 71. Kb3 Kb5 72. Kb2 Kc6 73. Kb3 Rc1 74. Re3 Rc4 75. Rxe6+ Kc7 76. Re5 Rxd4 77. Kc3 Rc4+ 78. Kd3 Rxc5 79. Rxf5 Ra5 80. Kd4 Ra3 81. Rxh5 Kd7 82. Rh6 Ke7 83. Ke5 Kf7 84. Kf5 Kg7 85. Re6 Kf7 86. h5 Kg7 87. Rg6+ 1-0

[Event "Gatineau Fischer mem."]
[Site "Gatineau CAN"]
[Date "2009.02.24"]
[Round "6"]
[White "Thibault, Mario"]
[Black "Guimond, Michel"]
[Result "0-1"]
[WhiteElo "1632"]
[BlackElo "1895"]
[PlyCount "70"]
[GameId "2160767910273289"]
[EventDate "2009.01.20"]
[EventType "swiss"]
[EventRounds "6"]
[EventCountry "CAN"]
[SourceTitle "EXT 2011"]
[Source "ChessBase"]
[SourceDate "2011.11.26"]
[SourceVersion "1"]
[SourceVersionDate "2011.11.26"]
[SourceQuality "1"]

1. Nf3 d6 2. e4 c5 3. Bb5+ Nd7 4. O-O a6 5. Bxd7+ Bxd7 6. b3 e5 7. Bb2 h5 8. Ne1 g5 9. d3 Nf6 10. c4 Bh6 11. Nc3 h4 12. Nd5 Nxd5 13. cxd5 g4 14. f4 gxf3 15. Qxf3 Qe7 16. Nc2 Rg8 17. Ne3 Bxe3+ 18. Qxe3 b6 19. Bc1 O-O-O 20. b4 Rg6 21. Bd2 Rdg8 22. Rf2 f5 23. exf5 Bxf5 24. Rc1 Qg7 25. Qf3 Bxd3 26. Qh3+ Kb8 27. Kh1 Be4 28. bxc5 bxc5 29. Qb3+ Ka7 30. Ba5 Bxg2+ 31. Rxg2 Rxg2 32. Qb6+ Ka8 33. Qc6+ Qb7 34. Qxd6 Rxh2+ 35. Kxh2 Qb2+ 0-1

[Event "Grand Pacific op"]
[Site "Victoria CAN"]
[Date "2009.04.10"]
[Round "1"]
[White "Chen, Howard"]
[Black "Higbie, Gordon"]
[Result "1-0"]
[WhiteElo "2189"]
[BlackElo "1701"]
[PlyCount "62"]
[GameId "2160767910157326"]
[EventDate "2009.04.10"]
[EventType "swiss"]
[EventRounds "6"]
[EventCountry "CAN"]

1. e4 e6 2. d4 d5 3. Nd2 dxe4 4. Nxe4 Nf6 5. Nxf6+ Qxf6 6. Nf3 h6 7. Bd3 Bd6 8. O-O O-O 9. Qe2 Nc6 10. Qe4 g6 11. Bxh6 Rd8 12. Bg5 Qg7 13. Bxd8 Nxd8 14. Ne5 Rb8 15. Rfe1 b6 16. Re3 Bb7 17. Qg4 c5 18. c3 Rc8 19. Rae1 Rc7 20. h4 cxd4 21. cxd4 Qh6 22. Rg3 Kf8 23. h5 Rc1 24. Rxc1 Qxc1+ 25. Kh2 Qh6 26. Rh3 Qg7 27. hxg6 Bxe5+ 28. dxe5 Qxe5+ 29. Rg3 Qh8+ 30. Kg1 Qxb2 31. g7+ Kg8 1-0

[Event "Grand Pacific op"]
[Site "Victoria CAN"]
[Date "2009.04.10"]
[Round "1"]
[White "Ozkan, Charlie"]
[Black "Day, Lawrence"]
[Result "0-1"]
[WhiteElo "1993"]
[BlackElo "2322"]
[PlyCount "50"]
[GameId "2160767910157327"]
[EventDate "2009.04.10"]
[EventType "swiss"]
[EventRounds "6"]
[EventCountry "CAN"]
[SourceTitle "CBM 130 Extra"]
[Source "ChessBase"]
[SourceDate "2009.07.02"]
[SourceVersion "2"]
[SourceVersionDate "2009.07.15"]
[SourceQuality "1"]

1. Nf3 g6 2. c4 Bg7 3. g3 Nc6 4. Bg2 e5 5. d3 h6 6. O-O d6 7. Nc3 Nf6 8. Rb1 Be6 9. Bd2 Qd7 10. b4 Bh3 11. b5 Ne7 12. a4 g5 13. e4 Ng6 14. Ne1 h5 15. f3 Be6 16. Bxg5 h4 17. Rf2 hxg3 18. hxg3 Nh5 19. g4 Nhf4 20. Nd5 Bxd5 21. cxd5 f6 22. Bxf4 Nxf4 23. Nc2 Bh6 24. Kf1 Bg5 25. Ne3 Nxg2 0-1

[Event "Grand Pacific op"]
[Site "Victoria CAN"]
[Date "2009.04.10"]
[Round "1"]
[White "Patterson, Roger"]
[Black "Friesen, Yascha"]
[Result "1-0"]
[WhiteElo "2234"]
[BlackElo "1721"]
[PlyCount "51"]
[GameId "2160767910157328"]
[EventDate "2009.04.10"]
[EventType "swiss"]
[EventRounds "6"]
[EventCountry "CAN"]

1. e4 c5 2. Nf3 Nc6 3. d4 cxd4 4. Nxd4 Nf6 5. Nc3 e5 6. Ndb5 d6 7. Nd5 Nxd5 8. exd5 Nb8 9. a4 Be7 10. Be2 O-O 11. O-O a6 12. Na3 f5 13. f4 Nd7 14. Nc4 Rb8 15. a5 b5 16. axb6 Nxb6 17. fxe5 dxe5 18. Nxe5 Qc7 19. Nc6 Bc5+ 20. Kh1 Ra8 21. Bf4 Qd7 22. b4 Bd6 23. Bxd6 Qxd6 24. c4 Bb7 25. c5 Qxd5 26. Ne7+ 1-0

[Event "Grand Pacific op"]
[Site "Victoria CAN"]
[Date "2009.04.10"]
[Round "1"]
[White "Wild, Joshua"]
[Black "Daswani, Benedict"]
[Result "1-0"]
[WhiteElo "1700"]
[BlackElo "2112"]
[PlyCount "73"]
[GameId "2160767910157331"]
[EventDate "2009.04.10"]
[EventType "swiss"]
[EventRounds "6"]
[EventCountry "CAN"]
[SourceTitle "CBM 130 Extra"]
[Source "ChessBase"]
[SourceDate "2009.07.02"]
[SourceVersion "2"]
[SourceVersionDate "2009.07.15"]
[SourceQuality "1"]

1. e4 g6 2. d4 d6 3. Nf3 Nf6 4. Nc3 Bg7 5. Bc4 O-O 6. Be3 a6 7. a4 c5 8. dxc5 Qa5 9. O-O dxc5 10. e5 Ng4 11. Bf4 Qb4 12. Qe2 Be6 13. Bxe6 fxe6 14. Bg3 Qxb2 15. Qc4 Nc6 16. Qxg4 Qxc3 17. Qxe6+ Kh8 18. Ng5 h6 19. Ne4 Qxc2 20. Qxg6 Nd4 21. Rae1 b5 22. Kh1 bxa4 23. Rc1 Qb2 24. Rb1 Qc2 25. Rb7 Nf5 26. f3 a3 27. Bf4 a2 28. Bxh6 Nxh6 29. Rxe7 Nf5 30. Qh5+ Nh6 31. Qg5 Rg8 32. Re6 Kh7 33. Qh5 Bf6 34. Nxf6+ Kg7 35. Ng4 Nxg4 36. fxg4 Rgf8 37. Qh6+ 1-0

[Event "Grand Pacific op"]
[Site "Victoria CAN"]
[Date "2009.04.11"]
[Round "1"]
[White "Zhao, Donovan"]
[Black "Sohal, Tanraj"]
[Result "0-1"]
[WhiteElo "1644"]
[BlackElo "2063"]
[PlyCount "49"]
[GameId "2160767910157332"]
[EventDate "2009.04.10"]
[EventType "swiss"]
[EventRounds "6"]
[EventCountry "CAN"]

1. e4 c5 2. Nf3 Nc6 3. d4 cxd4 4. Nxd4 Nf6 5. Nc3 e6 6. Ndb5 d6 7. Bg5 a6 8. Bxf6 gxf6 9. Nd4 Qb6 10. Nb3 Bd7 11. Qd2 O-O-O 12. O-O-O Kb8 13. Kb1 Rc8 14. f4 Na5 15. Nxa5 Qxa5 16. g4 Bc6 17. f5 Qe5 18. Bg2 Be7 19. h3 Rhd8 20. Qf2 Be8 21. Ne2 Rc7 22. Qh4 Rdc8 23. c3 Bc6 24. Qg3 Bxe4+ 25. Ka1 0-1

[Event "Grand Pacific op"]
[Site "Victoria CAN"]
[Date "2009.04.11"]
[Round "2"]
[White "Berry, Jonathan"]
[Black "Aquino, Manfrei"]
[Result "1/2-1/2"]
[WhiteElo "2322"]
[BlackElo "1922"]
[PlyCount "61"]
[GameId "2160767910157333"]
[EventDate "2009.04.10"]
[EventType "swiss"]
[EventRounds "6"]
[EventCountry "CAN"]
[SourceTitle "CBM 130 Extra"]
[Source "ChessBase"]
[SourceDate "2009.07.02"]
[SourceVersion "2"]
[SourceVersionDate "2009.07.15"]
[SourceQuality "1"]

1. e4 e5 2. Nc3 Nf6 3. f4 d5 4. exd5 exf4 5. Qf3 Bb4 6. Nge2 O-O 7. Qxf4 Bxc3 8. dxc3 Nxd5 9. Qg3 c5 10. Bg5 f6 11. O-O-O fxg5 12. c4 Qa5 13. Rxd5 Qxa2 14. Rxg5 Qa1+ 15. Kd2 Qxb2 16. Nc3 Bf5 17. Rxf5 Rxf5 18. Bd3 Rf7 19. Rb1 Qa3 20. Ne4 Qa5+ 21. Kd1 Nc6 22. Ng5 Re7 23. Bxh7+ Kf8 24. Qf4+ Ke8 25. Bg6+ Kd7 26. Bf5+ Ke8 27. Bg6+ Kd7 28. Ne4 Rd8 29. Qd6+ Kc8 30. Bf5+ Rdd7 31. Nd2 1/2-1/2

[Event "Grand Pacific op"]
[Site "Victoria CAN"]
[Date "2009.04.11"]
[Round "2"]
[White "Gansvind, Valeriya"]
[Black "Pitre, Hanniegn"]
[Result "1-0"]
[WhiteElo "2328"]
[BlackElo "2004"]
[PlyCount "107"]
[GameId "2160767910157334"]
[EventDate "2009.04.10"]
[EventType "swiss"]
[EventRounds "6"]
[EventCountry "CAN"]
[SourceTitle "CBM 130 Extra"]
[Source "ChessBase"]
[SourceDate "2009.07.02"]
[SourceVersion "2"]
[SourceVersionDate "2009.07.15"]
[SourceQuality "1"]

1. d4 Nf6 2. Bg5 c5 3. Nc3 cxd4 4. Qxd4 Nc6 5. Qh4 e6 6. e4 Be7 7. f4 Qb6 8. O-O-O Qe3+ 9. Kb1 Nxe4 10. Nxe4 Qxe4 11. Nf3 Nb4 12. Qf2 f6 13. Bh4 O-O 14. Qd2 b6 15. Bg3 Bb7 16. a3 Nd5 17. Bb5 Rfd8 18. Rhe1 Qg6 19. f5 Qxf5 20. Bd3 Qg4 21. c4 Rac8 22. cxd5 Bxd5 23. Rc1 g6 24. Bc7 Re8 25. Ba6 Qa4 26. Qd3 f5 27. Bb5 Qe4 28. Qxe4 fxe4 29. Bxd7 exf3 30. Bxc8 Rxc8 31. gxf3 Kf7 32. f4 Bh4 33. Be5 Rc5 34. Red1 Bf2 35. b4 Rc6 36. Rxc6 Bxc6 37. Rc1 Be4+ 38. Kb2 g5 39. Rc7+ Kg6 40. Rg7+ Kh6 41. Rxg5 Bg6 42. Rg2 Bh4 43. Rd2 Kh5 44. Rd7 Kg4 45. Rxa7 Bf2 46. Rb7 Bf5 47. a4 Kh3 48. Bc7 Bd4+ 49. Ka3 Be3 50. Bxb6 Bxf4 51. a5 Bxh2 52. a6 Be4 53. Re7 e5 54. Bc7 1-0